Rozhovory o človeku a prírode : zbierka esejí zozbieraná a inovovaná z rôznych prameňov a doplnená novými. IX., Človek v čase a priestore /
Uložené v:
| Ďalší autori: | |
|---|---|
| Médium: | Kniha |
| Jazyk: | Slovak |
| Vydané: |
Nitra :
Univerzita Konštantína Filozofa, Fakulta prírodných vied,
2012.
|
| Vydanie: | 1. vyd. |
| Edícia: | Prírodovedec
č. 504 |
| Témy: | |
| ISBN: |
9788055801070 (brož.) |
| Fyzický popis: |
94 s. ; 21 cm. |
| Tagy: |
Pridať tag
Žiadne tagy, Buďte prvý kto otaguje tento záznam!
|
Titul je dostupný aj v ... 

MARC
| LEADER | 00000nam a2200000 a 4500 | ||
|---|---|---|---|
| 001 | 000410621 | ||
| 005 | 20130426080457.0 | ||
| 008 | 121023s2012 xo e 000 e slo d | ||
| 020 | |a 9788055801070 (brož.) | ||
| 040 | |a SVKKK |b slo |c SVKKK |e AACR2 | ||
| 041 | 0 | |a slo | |
| 044 | |a xo |c SK | ||
| 072 | 7 | |a 502 |x Životné prostredie a jeho ochrana |2 konspekt | |
| 080 | |a 502.1 |2 2001 | ||
| 080 | |a 502.17 |2 2001 | ||
| 080 | |a 574 |2 2001 | ||
| 080 | |a 502/504 |2 2001 | ||
| 080 | |a (0:82-4) |2 2001 | ||
| 080 | |a (082) |2 2001 | ||
| 100 | 1 | |a Ružička, Milan, |d 1929-2024 |4 edt | |
| 245 | 1 | 0 | |a Rozhovory o človeku a prírode : |b zbierka esejí zozbieraná a inovovaná z rôznych prameňov a doplnená novými. |n IX., |p Človek v čase a priestore / |c Milan Ružička. |
| 246 | 3 | 0 | |a Človek v čase a priestore |
| 250 | |a 1. vyd. | ||
| 260 | |a Nitra : |b Univerzita Konštantína Filozofa, Fakulta prírodných vied, |c 2012. | ||
| 300 | |a 94 s. ; |c 21 cm. | ||
| 366 | |e 150 výtl. | ||
| 490 | 1 | |a Prírodovedec |v č. 504 | |
| 650 | 0 | 7 | |a človek a príroda |2 SVKKKPH |
| 650 | 0 | 7 | |a ochrana životného prostredia |2 SVKKKPH |
| 650 | 0 | 7 | |a ekológia |2 SVKKKPH |
| 650 | 0 | 7 | |a environmentalistika |2 SVKKKPH |
| 655 | 7 | |a eseje |2 SVKKKPH | |
| 655 | 7 | |a zborníky |2 SVKKKPH | |
| 830 | 0 | |a Prírodovedec |v č. 504 | |
| 910 | |a svkkk | ||
| 919 | |a 978-80-558-0107-0 | ||
| 998 | |a BK | ||
| 090 | |g SCKHL |k Sklad Hlavná 10 prízemie |a III.224888 |j 1041812 |i 2720272458 |s Absenčne | ||